000 00333nam a2200133Ia 4500
008 190722s9999 xx 000 0 und d
020 _a978-0-8153-4464-3
100 _aAlberts Johnson
245 0 _aMolecular Biology of the Cell
250 _a6th
260 _aUK
_bGarland Science
_c2015
300 _a1342 Glossary
942 _cBK
999 _c1126
_d1126